00526nam a2200169Ia 450000500170000000800410001702000150005808200130007310000130008624500430009926000430014230000130018550000420019894200060024095200950024699900150034120250702020527.0240331s9999 xx 000 0 und d a9552103940 bDOOa800 aDooma,A  0aCount of monta Kristo :bDeva hasthaya a ColombobM.D.Gunasena Book & Coc1989 a378 p ., aAn abridged version of the new Story cL 001040708LaWERCLbWERCLcSSCd2024-03-31l0o 800 DOOp1355r2024-03-31w2024-03-31yL c5157d5157